Normal view
MARC view
- S. K. HUSAIN
Entry Personal Name
001 - CONTROL NUMBER
- control field: 4672
003 - CONTROL NUMBER IDENTIFIER
- control field: OSt
005 - DATE AND TIME OF LATEST TRANSACTION
- control field: 20200721120740.0
008 - FIXED-LENGTH DATA ELEMENTS
- fixed length control field: 200721|| aca||aabn | a|a d
040 ## - CATALOGING SOURCE
- Original cataloging agency: OSt
- Transcribing agency: OSt
100 ## - HEADING--PERSONAL NAME
- Personal name: S. K. HUSAIN
670 ## - SOURCE DATA FOUND
- Source citation: Work cat.: (OSt): S. K. HUSAIN, Textbook of Water Supply and Sanitary Engineering
